000 00433nam a2200169Ia 4500
001 25158
003 IN-NITTTR
005 20251114233320.0
008 251113s9999||||xx |||||||||||||| ||eng||
040 _beng
040 _cIN-NITTTR
041 _aeng
082 _a005.432 G541O
100 _aGodbole, A. S.
245 0 _aOperating systems :
_b With case study in UNIX, NetWare and Windows NT /
_cGodbole, A. S.
942 _2ddc
_cBK
999 _c27787
_d27787